[Event "IECG TE.2006.S.01906"]
[Site "IECG email"]
[Date "2006.08.19"]
[Round "1"]
[White "Ergen, Cenk"]
[Black "Troskie, Johan"]
[Result "0-1"]
[WhiteElo "1750"]
[BlackElo "940"]
[PlyCount "22"]
[EventDate "2006.08.19"]
[EventType "tourn (corr)"]
[EventRounds "2"]
[SourceTitle "Corr 2024"]
[Source "ChessBase"]
[SourceDate "2023.10.19"]
[SourceVersion "1"]
[SourceVersionDate "2023.10.19"]
[SourceQuality "1"]

1. d4 d5 2. e4 dxe4 3. Nc3 Nf6 4. f3 Bf5 5. g4 Bg6 6. g5 Nfd7 7. h4 e5 8. h5 Bf5 9. fxe4 exd4 10. exf5 dxc3 11. Qe2+ Qe7 0-1

[Event "IECG TE.2006.S.01906"]
[Site "IECG email"]
[Date "2006.08.19"]
[Round "?"]
[White "Morihama, Nicolau"]
[Black "Troskie, Johan"]
[Result "1-0"]
[WhiteElo "2161"]
[BlackElo "940"]
[PlyCount "51"]
[EventDate "2006.08.19"]
[EventType "tourn (corr)"]
[EventRounds "2"]
[SourceTitle "Corr 2008"]
[Source "ChessBase"]
[SourceDate "2008.06.24"]
[SourceVersion "1"]
[SourceVersionDate "2008.06.24"]
[SourceQuality "1"]

1. d4 d5 2. e4 dxe4 3. Nc3 Nf6 4. f3 Bf5 5. fxe4 Nxe4 6. Bd3 Nd6 7. Nf3 e6 8. 0-0 Be7 9. d5 0-0 10. dxe6 Bxe6 11. Nd4 Bc4 12. b3 Bxd3 13. Qxd3 c5 14. Nde2 Nc6 15. Bf4 Nb4 16. Qf3 Qe8 17. Rad1 Rd8 18. Ng3 Nxc2 19. Nd5 Nd4 20. Rxd4 cxd4 21. Re1 Nc8 22. Nf5 Rxd5 23. Qxd5 Qd8 24. Nxe7+ Nxe7 25. Qxd8 Rxd8 26. Rxe7 1-0

[Event "IECG TE.2006.S.01906"]
[Site "IECG email"]
[Date "2006.08.19"]
[Round "?"]
[White "Schloegl, Dietrich"]
[Black "Troskie, Johan"]
[Result "0-1"]
[WhiteElo "1800"]
[BlackElo "940"]
[PlyCount "71"]
[EventDate "2006.08.19"]
[EventType "tourn (corr)"]
[EventRounds "2"]
[SourceTitle "Corr 2008"]
[Source "ChessBase"]
[SourceDate "2008.06.24"]
[SourceVersion "1"]
[SourceVersionDate "2008.06.24"]
[SourceQuality "1"]

1. d4 d5 2. e4 dxe4 3. Nc3 Nf6 4. f3 Bf5 5. fxe4 Nxe4 6. Qf3 Nd6 7. Bf4 e6 8. 0-0-0 c6 9. g4 Bg6 10. Qe3 Be7 11. Nf3 Nd7 12. d5 cxd5 13. Bxd6 Bxd6 14. h4 Qc7 15. Kb1 h5 16. Nd4 Be5 17. Bb5 a6 18. Bxd7+ Kxd7 19. g5 Rae8 20. Rhe1 Bg3 21. Rf1 Kc8 22. Rf3 Bd6 23. Na4 Qa5 24. Nc3 Kb8 25. Nb3 Qb4 26. Rd4 Qb6 27. Na4 Qa7 28. Nc3 Rc8 29. Qe1 Rc6 30. Ra4 Qb6 31. Nd4 Rc7 32. a3 Bxa3 33. Rxa3 Qxd4 34. Ka2 Bxc2 35. Qg3 Qc4+ 36. Ka1 0-1

[Event "IECG TE.2006.S.01906"]
[Site "IECG email"]
[Date "2006.08.13"]
[Round "2"]
[White "Tessieri, Franco"]
[Black "Troskie, Johan"]
[Result "1/2-1/2"]
[WhiteElo "1597"]
[BlackElo "940"]
[PlyCount "62"]
[EventDate "2006.08.19"]
[EventType "tourn (corr)"]
[EventRounds "2"]
[SourceTitle "Corr 2024"]
[Source "ChessBase"]
[SourceDate "2023.10.19"]
[SourceVersion "1"]
[SourceVersionDate "2023.10.19"]
[SourceQuality "1"]

1. d4 d5 2. e4 dxe4 3. Nc3 Nf6 4. Bg5 Bf5 5. f3 Nbd7 6. Bc4 h6 7. Bh4 Nb6 8. Bb3 e3 9. d5 Qd6 10. Bg3 Qd7 11. Qe2 a5 12. Nb5 Rc8 13. Na7 Rd8 14. Nb5 Nfxd5 15. Rd1 e5 16. Bxd5 Qe7 17. Nc3 c6 18. Be4 Rxd1+ 19. Qxd1 Bxe4 20. fxe4 Qb4 21. Qh5 Bd6 22. Nge2 0-0 23. b3 f5 24. 0-0 f4 25. Be1 Nd7 26. a4 Bb8 27. Rf3 Qd6 28. h3 Nf6 29. Qg6 Nh7 30. Qh5 Nf6 31. Qg6 Nh7 1/2-1/2

[Event "IECG TE.2006.S.01906"]
[Site "IECG email"]
[Date "2006.08.13"]
[Round "1"]
[White "Troskie, Johan"]
[Black "Tessieri, Franco"]
[Result "1-0"]
[WhiteElo "940"]
[BlackElo "1597"]
[PlyCount "107"]
[EventDate "2006.08.19"]
[EventType "tourn (corr)"]
[EventRounds "2"]
[SourceTitle "Corr 2024"]
[Source "ChessBase"]
[SourceDate "2023.10.19"]
[SourceVersion "1"]
[SourceVersionDate "2023.10.19"]
[SourceQuality "1"]

1. d4 d5 2. e4 dxe4 3. Nc3 e5 4. dxe5 Qxd1+ 5. Kxd1 Nc6 6. Nxe4 Bf5 7. Ng3 Be6 8. f4 f6 9. f5 Rd8+ 10. Bd2 Bc8 11. e6 g6 12. Nf3 Bd6 13. Bd3 Bxg3 14. hxg3 gxf5 15. Bxf5 Rd6 16. Bxh7 Nge7 17. Ke2 Bxe6 18. Bf4 Rd7 19. Rae1 Kd8 20. Kf2 Bf7 21. Bd3 Rf8 22. Bh6 Rg8 23. a3 a6 24. Bh7 Re8 25. Bg7 f5 26. Bh6 Kc8 27. Ng5 Rd2+ 28. Kg1 Bd5 29. Nf3 Rxc2 30. Bxf5+ Nxf5 31. Rxe8+ Kd7 32. Rf8 Nxg3 33. Rh3 Ne2+ 34. Kh2 Ned4 35. Nd2 Rxb2 36. Rd3 Rb5 37. a4 Rb4 38. Rf4 Be6 39. Nf3 Rxa4 40. Nxd4 Nxd4 41. Rdxd4+ Rxd4 42. Rxd4+ Kc6 43. Bf4 b5 44. Re4 Bd5 45. Re7 b4 46. Rxc7+ Kb6 47. Rc8 Kb5 48. Bd6 Ka4 49. Rc5 Be6 50. Bc7 b3 51. Ra5+ Kb4 52. Rxa6 Bc4 53. Ra1 Kc3 54. Rc1+ 1-0

[Event "IECG TE.2005.P.01921"]
[Site "IECG email"]
[Date "2005.06.09"]
[Round "?"]
[White "Malmstroem, Jan"]
[Black "Troskie, Johan"]
[Result "1-0"]
[WhiteElo "2022"]
[BlackElo "940"]
[PlyCount "91"]
[EventDate "2005.06.09"]
[EventType "tourn (corr)"]
[EventRounds "8"]
[SourceTitle "Corr 2008"]
[Source "ChessBase"]
[SourceDate "2008.06.24"]
[SourceVersion "1"]
[SourceVersionDate "2008.06.24"]
[SourceQuality "1"]

1. d4 d5 2. e4 dxe4 3. Nc3 Nf6 4. f3 Bf5 5. g4 Bg6 6. g5 Nfd7 7. fxe4 e5 8. Nf3 exd4 9. Nxd4 Bc5 10. Bf4 0-0 11. Bg2 Re8 12. Qd3 Ne5 13. Bxe5 Rxe5 14. Nf3 Re8 15. 0-0-0 Nc6 16. Qc4 Be3+ 17. Kb1 Qc8 18. Rhe1 Bf4 19. Qf1 Qg4 20. Bh3 Qh5 21. Bd7 Red8 22. h4 Bg3 23. Re3 Ne5 24. Qh3 Rxd7 25. Rxd7 Nxd7 26. Qxg3 Nc5 27. Qxc7 b6 28. b4 Ne6 29. Qb7 Rf8 30. Qxa7 b5 31. Qb6 Nf4 32. Kb2 Qg4 33. Qxb5 Ng2 34. Ne5 Qxh4 35. Nxg6 hxg6 36. Rd3 Nf4 37. Rd7 Ne6 38. Qd5 Qxg5 39. Qxg5 Nxg5 40. a4 f5 41. a5 f4 42. b5 f3 43. Rd1 f2 44. Rf1 Ne6 45. b6 Nc5 46. Ka3 1-0

[Event "IECG CP.2003.P.00012 email"]
[Site "IECG email"]
[Date "2003.10.01"]
[Round "?"]
[White "Troskie, Johan"]
[Black "Sherwood, Russell"]
[Result "0-1"]
[WhiteElo "954"]
[BlackElo "1654"]
[PlyCount "108"]
[EventDate "2003.10.01"]
[EventType "tourn (corr)"]
[EventRounds "6"]
[EventCountry "GER"]
[SourceTitle "Corr 2008"]
[Source "ChessBase"]
[SourceDate "2008.06.24"]
[SourceVersion "1"]
[SourceVersionDate "2008.06.24"]
[SourceQuality "1"]

1. e4 g6 2. Bc4 Bg7 3. d4 d6 4. Nf3 e6 5. Nc3 Ne7 6. Bg5 a6 7. 0-0 b5 8. Bd3 Bb7 9. a4 b4 10. Na2 a5 11. c3 bxc3 12. Nxc3 0-0 13. Qb3 Ba6 14. Bxa6 Rxa6 15. Rac1 Rb6 16. Qa3 Rb4 17. Rfd1 Qd7 18. Nb5 c6 19. Nc3 h6 20. Bd2 Qb7 21. Nb1 Rxb2 22. Qxd6 Nc8 23. Qf4 Nb6 24. Bxa5 Nxa4 25. Nc3 Nxc3 26. Bxc3 Rb5 27. Nd2 Qe7 28. Nc4 Qg5 29. Qxg5 hxg5 30. Nd6 Rb3 31. e5 g4 32. Ba5 Ra3 33. Bc7 Ra6 34. Ne4 Nd7 35. Bd6 Rfa8 36. Rb1 Ra4 37. Nc5 Nxc5 38. Bxc5 Rc4 39. Rdc1 Rxc1+ 40. Rxc1 Bh6 41. Rb1 Bf8 42. Bxf8 Kxf8 43. Kf1 Ra2 44. Rc1 Ra4 45. Rd1 Rc4 46. Ke2 c5 47. Ke3 g5 48. Rd3 Kg7 49. d5 exd5 50. Rxd5 Kg6 51. Rd7 Rc1 52. f4 Re1+ 53. Kf2 Re4 54. Rd6+ Kg7 0-1

[Event "IECG CP.2003.P.00012 email"]
[Site "IECG email"]
[Date "2003.10.01"]
[Round "?"]
[White "Williams, Derek"]
[Black "Troskie, Johan"]
[Result "1-0"]
[WhiteElo "1117"]
[BlackElo "954"]
[PlyCount "71"]
[EventDate "2003.10.01"]
[EventType "tourn (corr)"]
[EventRounds "6"]
[EventCountry "GER"]
[SourceTitle "Corr 2008"]
[Source "ChessBase"]
[SourceDate "2008.06.24"]
[SourceVersion "1"]
[SourceVersionDate "2008.06.24"]
[SourceQuality "1"]

1. e4 e5 2. Nf3 Nc6 3. d4 exd4 4. Nxd4 Nf6 5. Nc3 Bb4 6. Nxc6 bxc6 7. Bd2 d5 8. exd5 cxd5 9. Bb5+ Bd7 10. Qe2+ Qe7 11. Bxd7+ Kxd7 12. Qxe7+ Bxe7 13. 0-0-0 c6 14. f3 Rhe8 15. Rhe1 Bd6 16. g3 Rxe1 17. Rxe1 d4 18. Ne4 Nxe4 19. Rxe4 c5 20. c3 Rc8 21. cxd4 cxd4+ 22. Kd1 Bc5 23. Ke2 f5 24. Re5 g6 25. Kd3 Kd6 26. f4 Rb8 27. b3 Rc8 28. h4 Ba3 29. h5 Bc5 30. hxg6 hxg6 31. g4 Rf8 32. Kc4 Ba3 33. Ra5 Rc8+ 34. Kxd4 Bc5+ 35. Rxc5 Rxc5 36. Bb4 1-0

[Event "IECG CP.2002.P.00034 email"]
[Site "IECG email"]
[Date "2002.10.01"]
[Round "?"]
[White "Troskie, Johan"]
[Black "Fierry Fraillon, David"]
[Result "0-1"]
[WhiteElo "800"]
[BlackElo "1950"]
[PlyCount "96"]
[EventDate "2002.10.01"]
[EventType "tourn (corr)"]
[EventRounds "6"]
[EventCountry "SRI"]
[SourceTitle "Corr 2008"]
[Source "ChessBase"]
[SourceDate "2008.06.24"]
[SourceVersion "1"]
[SourceVersionDate "2008.06.24"]
[SourceQuality "1"]

1. e4 c5 2. Bc4 d6 3. Nf3 Nf6 4. Nc3 e6 5. 0-0 Be7 6. d3 Nc6 7. Bb5 Bd7 8. Bd2 a6 9. Bxc6 Bxc6 10. b3 Qc7 11. a4 b6 12. Qe2 0-0 13. g3 Nd7 14. Rad1 Bf6 15. Kh1 Qb7 16. a5 b5 17. Nb1 d5 18. Rfe1 Bd8 19. Bc3 b4 20. Be5 Nxe5 21. Nxe5 Bb5 22. Qe3 Bxa5 23. exd5 exd5 24. Nd2 Rae8 25. Qxc5 Rc8 26. Qd4 Rxc2 27. Ng4 Rc3 28. f3 Rxd3 29. Qf4 Bd7 30. Rc1 Bxg4 31. fxg4 d4+ 32. Kg1 Bb6 33. Qf2 Rxd2 34. Qxd2 d3+ 35. Re3 Qf3 36. Rce1 Re8 37. Qg2 Bxe3+ 38. Kh1 Qxg2+ 39. Kxg2 d2 40. Rd1 Bg5 41. Kf2 Re1 42. Rxe1 dxe1Q+ 43. Kxe1 Kf8 44. Ke2 Ke7 45. Kd3 Kd6 46. Kc4 a5 47. Kb5 Bd8 48. h4 h6 0-1